000 00752nam a2200217Ia 4500
001 14621
003 GE_BSU
008 181216s||||||||xx |||||||||||||| ||und||
020 _a5529007821
040 _cGE_BSU
080 _a82-93
100 _aგაბაშვილი,ეკატერინე
245 _aმაგდანას ლურჯა
245 _cშეადგ.ზ.აბესაძემ. რედ.ე.მოისწრაფიშვილი. მხატვ.ე. ამბოკაძე
260 _aთბილისი
260 _bსაბჭოთა საქართველო
260 _c1989
300 _a159გვ.21სმ.
653 _aმაგდანას ლურჯა
942 _cBK
999 _c47750
_d47750